000 00337 a2200133 4500
999 _c320466
_d320466
001 85393
003 NUST
005 20180119193704.0
008 180119b xxu||||| |||| 00| 0 eng d
020 _a9781932099683
082 _a297.28 GUL
100 _aM. Fethullah Gulen
_99146
245 _aToward a Global Civilization of Love Tolerance
260 _aUSA
_bTughra Books
_c2012
300 _axviii 271
942 _acae nust
_k297.28 GUL
_cBK
_2ddc